Normal view
MARC view
- Pattle, Arthur John.
Entry Personal Name
001 - CONTROL NUMBER
- control field: 1637
003 - CONTROL NUMBER IDENTIFIER
- control field: NUST
005 - DATE AND TIME OF LATEST TRANSACTION
- control field: 20170530131654.0
008 - FIXED-LENGTH DATA ELEMENTS
- fixed length control field: 170530|| aca||aabn | a|a d
040 ## - CATALOGING SOURCE
- Original cataloging agency: NUST
- Transcribing agency: NUST
100 ## - HEADING--PERSONAL NAME
- Personal name: Pattle, Arthur John.
670 ## - SOURCE DATA FOUND
- Source citation: Work cat.: (NUST)0: Miles, Alfred H. (Alfred Henry), 1848-1929. 1636, Fifty-two stories of the Indian Mutiny and the man who saved India /, 2007.
